Normal view
MARC view
- الاسهم-الشركات-الاردن
Entry Topical Term
001 - CONTROL NUMBER
- control field: 63383
003 - CONTROL NUMBER IDENTIFIER
- control field: JO-AjAnu
005 - DATE AND TIME OF LATEST TRANSACTION
- control field: 20230606084339.0
008 - FIXED-LENGTH DATA ELEMENTS
- fixed length control field: 230606|| aca||aabn | a|a d
040 ## - CATALOGING SOURCE
- Original cataloging agency: JO-AjAnu
- Transcribing agency: JO-AjAnu
150 ## - HEADING--TOPICAL TERM
- Topical term or geographic name entry element: الاسهم-الشركات-الاردن
670 ## - SOURCE DATA FOUND
- Source citation: Work cat.: (JO-AjAnu)32314: اعداد العرود، محمد وجيه احمد؛ اشراف علي عبدالله الزعبي, author 63382, اثر مؤشرات ربحية السهم الواحد والسعر الى الربحية على عائد اسهم الشركات الصناعية المدرجة في بورصة عمان=The Impact of Earnings per Share and Price-to-Earnings Indicators on the Return on Shares of Industrial Companies Listed on the Amman Stock Exchange